Benchmarking knowledge management practice in construction (Record no. 104987)
[ view plain ]
| 000 -LEADER | |
|---|---|
| fixed length control field | 00914cam a2200229 4500 |
| 001 - CONTROL NUMBER | |
| control field | ##L132044 |
| 008 - FIXED-LENGTH DATA ELEMENTS--GENERAL INFORMATION | |
| fixed length control field | 051221n2004 000 0 eng u |
| 020 ## - INTERNATIONAL STANDARD BOOK NUMBER | |
| International Standard Book Number | 0860176207 |
| 035 ## - SYSTEM CONTROL NUMBER | |
| System control number | (Sirsi) u132044 |
| 041 0# - LANGUAGE CODE | |
| Language code of text/sound track or separate title | eng |
| 050 04 - LIBRARY OF CONGRESS CALL NUMBER | |
| Classification number | 658.562 $2 18 |
| 100 1# - MAIN ENTRY--PERSONAL NAME | |
| Personal name | Dent, R. |
| 245 00 - TITLE STATEMENT | |
| Title | Benchmarking knowledge management practice in construction |
| 260 ## - PUBLICATION, DISTRIBUTION, ETC. | |
| Place of publication, distribution, etc. | London |
| Name of publisher, distributor, etc. | CIRIA |
| Date of publication, distribution, etc. | 2004 |
| 300 ## - PHYSICAL DESCRIPTION | |
| Extent | 54p. |
| Dimensions | 30cm |
| 490 #0 - SERIES STATEMENT | |
| Series statement | CIRIA |
| Volume/sequential designation | C620 |
| 520 ## - SUMMARY, ETC. | |
| Summary, etc. | Report describing a study carried out between November 2001 and January 2003 by 11 construction companies to investigate the key issues relating to knowledge management in their companies and to compare and benchmark the various components of knowledge management. |
| 690 ## - LOCAL SUBJECT ADDED ENTRY--TOPICAL TERM (OCLC, RLIN) | |
| Topical term or geographic name as entry element | MANAGEMENT-BUSINESS MANAGEMENT-INFORMATION MANAGEMENT |
| 700 10 - ADDED ENTRY--PERSONAL NAME | |
| Personal name | Montague, Keith |
| 710 2# - ADDED ENTRY--CORPORATE NAME | |
| Corporate name or jurisdiction name as entry element | Construction Industry Research and Information Association |
| 9 (RLIN) | 4810 |
| 942 ## - ADDED ENTRY ELEMENTS (KOHA) | |
| Suppress in OPAC | 0 |
| Withdrawn status | Lost status | Source of classification or shelving scheme | Damaged status | Not for loan | Home library | Current library | Shelving location | Date acquired | Total Checkouts | Full call number | Barcode | Date last seen | Date last checked out | Copy number | Price effective from | Koha item type | Public note |
|---|---|---|---|---|---|---|---|---|---|---|---|---|---|---|---|---|---|
| Dewey Decimal Classification | London | London | Books | 21/12/2005 | 6 | CIRIA REPORTS | 30071763 | 04/09/2024 | 09/10/2008 | 1 | 06/08/2019 | Book | CIRIA 620 |